00698nam a2200229 a 450000100100000000500170001000800410002702000180006804000250008608200170011110000250012824500860015326000290023930000210026849000230028950400430031265000190035565000230037470000240039770000240042183000230044500000462320200929151455.0090724s2007 sp 000 0 spa d a9788479623869 aDO-SdBNPbspacBNPHU a895.7bC545p1 aChoi, In-Hun,d1936-13aLa Plaza :bChoi In-Hun ; traducción Lim Hyo-Sang ; prefacio Gregorio Salvador. aMadrid :bVerbum,c2007. a142 p. ;c20 cm.1 vLiteratura coreana aIncluye notas al pie de las páginas. 4aNovela coreana 4aLiteratura coreana1 aHyo-Sang, Lim,etr.1 aSalvador, Gregorio, 0aLiteratura coreana